Object orinted programming with C++ 4th edition (Record no. 824762)

MARC details
000 -LEADER
fixed length control field 00663nam a2200229Ia 4500
008 - FIXED-LENGTH DATA ELEMENTS--GENERAL INFORMATION
fixed length control field 101110s9999 xx 000 0 und d
041 ## - LANGUAGE CODE
Language code of text/sound track or separate title ENGLISH
082 ## - DEWEY DECIMAL CLASSIFICATION NUMBER
Item number SR32260
100 ## - MAIN ENTRY--PERSONAL NAME
Personal name Balagurusamy E.
245 ## - TITLE STATEMENT
Title Object orinted programming with C++ 4th edition
260 ## - PUBLICATION, DISTRIBUTION, ETC. (IMPRINT)
Date of publication, distribution, etc 2008
Name of publisher, distributor, etc Tata McGraw Hill Publishing co.Ltd,New Delhi
300 ## - PHYSICAL DESCRIPTION
Extent 637
365 ## - TRADE PRICE
Price amount 265
520 ## - SUMMARY, ETC.
Summary, etc Computer
520 ## - SUMMARY, ETC.
Summary, etc Tranfered to BSC-IT Dept., DT.30/7/09
546 ## - LANGUAGE NOTE
Language note ENGLISH
630 ## - SUBJECT ADDED ENTRY--UNIFORM TITLE
Uniform title Object orinted programming with C++ 4th edition
650 ## - SUBJECT ADDED ENTRY--TOPICAL TERM
Topical term or geographic name as entry element Computer
655 ## - INDEX TERM--GENRE/FORM
Genre/form data or focus term Computer
730 ## - ADDED ENTRY--UNIFORM TITLE
Uniform title Object orinted programming with C++ 4th edition
942 ## - ADDED ENTRY ELEMENTS (KOHA)
Koha item type Book
Holdings
Withdrawn status Lost status Damaged status Not for loan Home library Current library Date acquired Source of acquisition Cost, normal purchase price Shelving control number Total Checkouts Barcode Date last seen Price effective from Koha item type
        D. B. J. College, Chiplun D. B. J. College, Chiplun   Shri Gajanan book depo,chiplun,bill no.120,dt.3/08/09 265.00     DBJSR32260 11/11/2010 11/11/2010 Book